A lira do povo (Registo nº 3744)

Detalhes MARC
000 -Etiqueta do registo
Cabeçalho 00774nam0a2200253 4500
005 - Identificador da versão
Campo de controlo 20240813122041.0
010 ## - Número internacional normalizado dos livros (ISBN)
Número (ISBN) 9789727104147
021 ## - Número do Depósito Legal
Código do país PT
Número 277495/08
100 ## - Dados gerais de processamento
Dados gerais de processamento 20170519d2008 a e0pory5003 ba
102 ## - Pais de publicação ou produção
País de publicação Portugal
101 0# - Língua de publicação
Língua do texto, banda sonora, etc. Português
215 ## - Descrição física 
Indicação específica da natureza do documento e extensão da espécie 179, [4] p
200 1# - Titulo e menção de responsabilidade
Título próprio A lira do povo
Informação de outro título quinhentas quadras populares
Primeira menção de responsabilidade selecção, organização e introdução de José Fanha e José Jorge Letria
205 ## - Menção da edição
Menção da edição 1ª ed
210 ## - Publicação, Distribuição, etc. 
Lugar da edição, distribuição, etc. Lisboa
Nome do editor, distribuidor, etc. Terramar
Data da publicação, distribuição, etc. 2008
606 ## - Nome comum usado como assunto
Número de registo de entrada de autoridade 0001358
Palavra de ordem Literatura portuguesa
Subdivisão de assunto Poesia
Código do sistema CA
675 ## - Classificação Decimal Universal (CDU)
Notação 821.134.3-1
Edição 3ª ed.
Língua da edição por
702 #1 - Nome de autor-pessoa física (responsabilidade secundária)
Número de registo de entrada de autoridade 0000111
Palavra de ordem Fanha
Outra parte do nome não tomada para palavra de ordem José
Datas 1951-
Código de função Editor literário / Coordenador
Número de registo de entrada de autoridade 0000273
Palavra de ordem Letria
Outra parte do nome não tomada para palavra de ordem José Jorge
Datas 1951-
Código de função Editor literário / Coordenador
966 ## - Identificação da Biblioteca
Sigla EBVEN
942 ## - Elementos de entrada adicionados (Koha)
Tipo de item no Koha Livro
Exemplares
Situação do levantamento Origin of item (home branch) (coded) Biblioteca de empréstimo Código de barras Cota Circulation type (not for loan) Tipo de documento Nota do exemplar Damaged status
  Biblioteca Escolar das Vendas Biblioteca Escolar das Vendas BEV1931 8POR FAN   Livro Sem mensagem